00558nam a22001457a 4500999001500000008004100015020001500056100002200071245013000093260005800223300001500281650001000296942001500306952009100321 c6971d6971200408b ||||| |||| 00| 0 eng d a0856-41815 aMUTAGWABA, Wilson aThe impact of technology on poverty alleviationbThe case of artisanal mining in TanzaniacWilson Mutagwala at...alhEnglish aDrar Es SalaambResearch on Poverty Alleviationc1997 a74p.c27cm 2Repoa 2ddccBOOKS 00102ddc4070a3000b3000d2020-04-08l0p10000002703r2020-04-08w2020-04-08yBOOKS